| Tag |
First Indicator |
Second Indicator |
Subfields |
| LEADER |
00000cam a2200000 i 4500 |
| 001 |
in00000713021 |
| 005 |
20151016063106.0 |
| 008 |
770608s1946 nyu 00100 eng |
| 010 |
|
|
|a 46007078
|
| 035 |
|
|
|a (OCoLC)03026612
|
| 035 |
|
|
|9 ADD6189AM
|
| 040 |
|
|
|a DLC
|c CGP
|d TXA
|d UtOrBLW
|
| 049 |
|
|
|a TXAM
|c 1 [137543], 2 [137544], 3 [155335], 4 [A09138912]
|
| 050 |
0 |
0 |
|a E807
|b .R64
|
| 092 |
|
|
|a 973.917
|b R781a
|
| 100 |
1 |
|
|a Roosevelt, Elliott,
|d 1910-1990.
|
| 245 |
1 |
0 |
|a As he saw it /
|c with a foreward by Eleanor Roosevelt.
|
| 264 |
|
1 |
|a New York :
|b Duell, Sloan and Pearce,
|c [1946]
|
| 300 |
|
|
|a xviii, 270 pages ;
|c 22 cm.
|
| 336 |
|
|
|a text
|b txt
|2 rdacontent
|
| 337 |
|
|
|a unmediated
|b n
|2 rdamedia
|
| 338 |
|
|
|a volume
|b nc
|2 rdacarrier
|
| 600 |
1 |
0 |
|a Roosevelt, Franklin D.
|q (Franklin Delano),
|d 1882-1945.
|
| 650 |
|
0 |
|a World War, 1939-1945
|v Congresses.
|
| 999 |
|
|
|a MARS
|
| 999 |
f |
f |
|s 0409b588-23c7-3b44-83d9-943979d34cdf
|i 1159a94d-1537-3e46-b2b7-e8f21a7f696b
|t 0
|
| 952 |
f |
f |
|p ric
|a Texas A&M University
|b Rellis Campus
|c Joint Library Facility
|s JLF
|d Remote Storage
|t 0
|e E807 R64
|h Library of Congress classification
|i unmediated -- volume
|m A14801535542
|
| 998 |
f |
f |
|a E807 R64
|t 0
|l Remote Storage
|